Latin and Greek prefixes - Statistics

General Stats
  • This quiz has been taken 17 times
  • The average score is 16 of 47
Answer Stats
Definition Prefix % Correct
two bi-
85%
Without a-
77%
one, single mono-
69%
die, death mor-
69%
before, previous pre-
69%
former, out of ex-
62%
in, into in-
62%
bad, poorly, not mal-
62%
time chron-
54%
new neo-
54%
many poly-
54%
before ante-
46%
small micr-
46%
not non-
46%
under, beneath sub-
46%
not, reverse of un-
46%
opposing anti-
38%
self auto-
38%
well,good bene-
38%
life bio-
38%
around circum-
38%
equal, equally equi-
38%
same, equal homo-
38%
all, everywhere omni-
38%
above, extra super-
38%
across, beyond, over trans-
38%
belief,trust cred-
31%
from de-
31%
among, between inter-
31%
forwardd, in place of pro-
23%
against,opposing contra-
15%
people dem-
15%
excessive, over hyper-
15%
love, affection phil-
15%
with, together com-
8%
away, off, down, rest dis-
8%
bad, poorly, not mis-
8%
above over-
8%
first, early prem-
8%
to see vis-
8%
to,toward ad-
0%
away, off, fromfor- for-
0%
before, previous fore-
0%
all, entire pan-
0%
beside,beyond para-
0%
back, backwards again re-
0%
beyond, excessively ultra-
0%
No matching quizzes found
Score Distribution
Percent of People with Each Score
Percentile by Number Answered
Your Score History
You have not taken this quiz